Statistics for Edge Rusher prospects of the 2024 NFL Draft

Click here to take the quiz!

General Stats

  • This quiz has been taken 14 times
  • The average score is 23 of 46

Answer Stats

PositionCollegeName% Correct
EdgeAlabamaDallas Turner
100%
EdgeFlorida St.Jared Verse
100%
EdgeUCLALaiatu Latu
92%
EdgePenn St.Chop Robinson
83%
EdgeMissouriDarius Robinson
83%
EdgeUCLAGabriel Murphy
75%
EdgeUCLAGrayson Murphy
75%
EdgePenn St.Adisa Isaac
67%
EdgeWashingtonBralen Trice
67%
EdgeAlabamaChris Braswell
67%
EdgeUtahJonah Elliss
67%
EdgeKansasAustin Booker
58%
EdgeWashington St.Brennan Jackson
58%
EdgeOle MissCedric Johnson
58%
EdgeWestern MichiganMarshawn Kneeland
58%
EdgeColorado St.Mohamed Kamara
58%
EdgeNC St.Savion Jackson
58%
EdgeHouston ChristianJalyx Hunt
50%
EdgeTroyJavon Solomon
50%
EdgeClemsonXavier Thomas
50%
EdgeMichiganBraiden McGregor
42%
EdgeJames MadisonJalen Green
42%
EdgeOklahoma St.Anthony Goodlow
33%
EdgeAir ForceBo Richter
33%
EdgeHoustonDavid Ugwoegbu
33%
EdgeEast Stroudsburg St.Deshawn McCarthy
33%
EdgeUConnEric Watts
33%
EdgeCharlotteEyabi Okie-Anoma
33%
EdgeJames MadisonJamree Kromah
33%
EdgeNotre DameJavontae Jean-Baptiste
33%
EdgeMichiganJaylen Harrell
33%
EdgeMemphisJaylon Allen
33%
EdgeKentuckyJ.J. Weaver
33%
EdgeArkansasJohn Morgan III
33%
EdgeWisconsin-PlattevilleJustin Blazek
33%
EdgeKansas St.Khalid Duke
33%
EdgeTexas TechMyles Cole
33%
EdgeHoustonNelson Ceaser
33%
EdgeLSUOvie Oghoufo
33%
EdgeTroyRichard Jibunor
33%
EdgeWashington St.Ron Stone Jr.
33%
EdgeUSCSolomon Byrd
33%
EdgeGrambling St.Sundiata Anderson
33%
EdgeArizonaTaylor Upshaw
33%
EdgeArkansasTrajan Jeffcoat
33%
EdgeWashingtonZion Tupuola-Fetui
33%

Score Distribution

Percentile by Number Answered

Percent of People with Each Score

Your Score History

You have not taken this quiz